00504nam a22001457a 4500003000500000038001800005082000800023100002400031245012100055264003400176300002500210650002900235700003600264856005800300NUST aNusrat Nadeem a200 aUllah, Sidra Rahmat aSurveillance of Antibiotic Resistance in Clinical and Hospital Water Isolates of K. pneumoniae/cSidra Rahmat Ullah, aIslamabad;bASAB NUST;c2024. a167,p;bill;c30,cm. aPhD- Applied Biosciences aSupervisor : Dr. Saadia Andleeb u http://10.250.8.41:8080/xmlui/handle/123456789/44897